Les attaques signatures de Pokémon - Statistiques

Statistiques générales
  • Ce quiz a été pris 77 fois
    10 depuis la dernière actualisation
  • Le résultat moyen est 61 sur 183
Statistiques - réponses
Pokémon apparue en Type de quiz Réponse % Correct
Reshiram 5G Feu Flamme Croix
100%
Pyrax 5G Feu Danse Du Feu
86%
Zekrom 5G Electrik Eclair Croix
86%
Reshiram 5G Feu Flamme Bleue
86%
Lugia 2G Vol Aeroblast
71%
Exagide 6G Acier Bouclier Royal
71%
Rayquaza 6G Vol Draco Ascension
71%
Kyurem N 5G Glace Éclair Gelé
71%
Pikachu 3G Electrik Electacle
71%
Mewtwo 5G Psy Frappe Psy
71%
Dialga 4G Dragon Hurle Temps
71%
Volcanion 6G Eau Jet De Vapeur
71%
Keldeo 5G Combat Lame Ointe
71%
Yveltal 6G Vol Mort Ailes
71%
Kyogre 6G Eau Onde Originelle
71%
Palkia 4G Dragon Spatio Rift
71%
Darkrai 4G Ténèbres Trou Noir
71%
Apireine 4G Insecte Appel Attak
57%
Apireine 4G Insecte Appel Defense
57%
Apireine 4G Insecte Appel Soins
57%
Pyrobut 8G Feu Ballon Brulant
57%
Meloetta 5G Normal Chant Antique
57%
Zekrom 5G Electrik Charge Foudre
57%
Kyurem 5G Glace Ère glaciaire
57%
Kyurem B 5G Glace Feu Glacé
57%
Xerneas 6G Fée Géo Contrôle
57%
Queulorior 2G Normal Gribouille
57%
Victini 5G Feu Incendie
57%
Arceus 4G Normal Jugement
57%
Groudon 6G Sol Lame Pangéenne
57%
Zygarde 7G Sol Myria Flèches
57%
Diancie 6G Roche Orage Adamantin
57%
Gorythmic 8G Plante Tambour Battant
57%
Genesect 5G Normal Techno Buster
57%
Kadabra 1G Psy Telekinesie
57%
Lézargus 8G Eau Tir De Précision
57%
Hoopa 6G Psy Trou Dimensionnel
57%
Heatran 4G Feu Vortex Magma
57%
Pijako 4G Vol Babil
43%
Latias 3G Psy Ball Brume
43%
Ethernatos 8G Dragon Canon Dynamax
43%
Magearna 7G Fée Canon Floral
43%
Boumata 7G Feu Carapiège
43%
Jirachi 3G Acier Carnareket/Voeu Destructeur
43%
Flâmigator 9G Feu Chant Flamboyant
43%
Glaivodo 9G Dragon Charge Glaive
43%
Zygarde 6G Sol Force Chtonienne
43%
Shaymin 4G Plante Fulmigraine
43%
Hoopa 6G Ténèbres Furie Dimension
43%
Banshitrouye 6G Spectre Halloween
43%
Electrode de Hisui 8G Plante Herblast
43%
Sylveroy 8G Glace Lance De Glace
43%
Ethernatos 8G Dragon Laser Infinimax
43%
Latios 3G Psy Lumi Eclat
43%
Floette Eternelle 6G/ZA Fée Lumière du Néant
43%
Ogerpon 9G Plante Massue Liane
43%
Zygarde 7G Sol Myria Vagues
43%
Osselait 1G Sol Osmerang
43%
Regigigas 4G Normal Presse
43%
Deoxys 3G Psy Psycho Boost
43%
Feu-Perçant 9G Feu Rempart brûlant
43%
Giratina 4G Spectre Revenant
43%
Gromago 9G Acier Ruée D'Or
43%
Archéduc 7G Spectre Tisse Ombre
43%
Shifours 8G Eau Torrent De Coups
43%
Ekaiser 7G Dragon Vibrécaille
43%
Dratatin 8G Plante Acide Malique
29%
Zamazenta 8G Acier Aegis Maxima
29%
Prédastérie 7G Poison Blockhaus
29%
Pomdramour 9G Plante Bombe au sirop
29%
Sucreine 7G Plante Botte Sucrette
29%
Pierroteknik 7G Feu Caboche Kaboum
29%
Carmadura 9G Feu Canon Blindé
29%
Pêchaminus 9G Poison Chaîne malsaine
29%
Solgaleo 7G Acier Choc Météore
29%
Marshadow 7G Spectre Clepto Manes
29%
Porygon 1G Normal Conversion
29%
Porygon 2G Normal Conversion2
29%
Electhor de Galar 8G Combat Coup Fulgurant
29%
Palmaval 9G Eau Danse Aquatique
29%
Cresselia 4G Psy Danse Lune
29%
Fragilady de Hisui 8G Combat Danse Victoire
29%
Pohmarmotte 9G Electrik Double Décharge
29%
Girafarig 9G Psy Double Laser
29%
Ekaiser 8G Dragon Dracacophonie
29%
Regidrago 8G Dragon Draco Energie
29%
Lanssorien 8G Dragon Draco Flèches
29%
Pomdrapi 8G Plante Force G
29%
Sulfura de Galar 8G Ténèbres Fureur Ardente
29%
Zacian 8G Acier Gladius Maximus
29%
Serpente-Eau 9G Eau Hydrovapeur
29%
Palarticho 8G Combat Joute Astrale
29%
Vert de Fer 9G Psy Lame Psychique
29%
Roc de Fer 9G Roche Lame Puissante
29%
Chef de Fer 9G Acier Lame Tachyonique
29%
Cliticlic 5G Acier Lancecrou
29%
Cléopsytra 9G Psy Lumino Impact
29%
Ursaking 9G Normal Lune rouge
29%
Miascarade 9G Plante Magie Florale
29%
Osselait 1G Sol Massd'os
29%
Théffroyable 9G Plante Mortier Matcha
29%
Qwilfish de Hisui 8G Poison Multitoxik
29%
Charmilly 8G Fée Nappage
29%
Koraidon 9G Combat Nitro Crash
29%
Ossatueur d'Alola 7G Spectre Os'Ombre
29%
Frison 5G Normal Peignée
29%
Necrozma 7G Psy Photo Geyser
29%
Noeunoeuf 1G Normal Pilonnage
29%
Zeraora 7G Electrik Plasma Punch
29%
Oyacata 9G Dragon Plat Du Jour
29%
Colossinge 9G Spectre Poing De Colère
29%
Shifours 8G Ténèbres Poing Obscur
29%
Superdofin 9G Eau Poing Sonique
29%
Lunala 7G Spectre Rayon Spectral
29%
Artikodin de Galar 8G Psy Regard Glaçant
29%
Morpeko 8G Electrik/Ténèbres Roue Libre
29%
Zarude 8G Plante Selve Salvatrice
29%
Archéduc de Hisui 8G Combat Triple Flèche
29%
Miraidon 9G Electrik Turbo Volt
29%
Trousselin 6G Fée Verrou Enchanté
29%
Ire-Foudre 9G Electrik Vif éclair
29%
Lougaroc 7G Roche Vif Roc
29%
Regieleki 8G Electrik Voltageole
29%
Gueriaigle de Hisui 8G Psy Ailes Psycho
14%
Trépassable 7G Sol Amass'sable
14%
Sinistrail 7G Acier Ancrage
14%
Bazoucan 7G Vol Bec Canon
14%
Séracrawl de Hisui 8G Glace Bise Glaciaire
14%
Ixon 8G Ténèbres Blocage
14%
Pyrobut 8G Normal Change-Côté
14%
Zorua de Hisui 8G Spectre Coeur De Rancoeur
14%
Typhlosion de Hisui 8G Spectre Cortège Funèbre
14%
Silvallié 7G Normal Coup Varia Type
14%
Plumeline 7G Normal Danse Eveil
14%
Tag-Tag 9G Normal Décalquage
14%
Délestin 9G Normal Décharnement
14%
Vrombotor 9G Acier Dérapage
14%
Sylveroy 8G Spectre Eclat Spectral
14%
Melmetal 7G Acier Écrous D Poing
14%
Migalos 7G Poison Fil Toxique
14%
Fourbelin 8G Ténèbres Fourbette
14%
Pondralugon 9G Electrik Fulgurayon
14%
Monthracite 8G Roche Goudronnage
14%
Farfurex 8G Poison Griffes Funestes
14%
Lippoutou 1G Normal Grobisou
14%
Scovilain 9G Plante Habanerage
14%
Hachécateur 8G Roche Hache De Pierre
14%
Insolourdo 9G Normal Hyperceuse
14%
Flagadoss de Galar 8G Poison Kokiyarme
14%
Malvalame 9G Feu Lame en Peine
14%
Pomdorochi 9G Dragon Laser Hasard
14%
Necrozma 7G Psy Laser Prisme
14%
Désseliande 6G Plante Maléfice Sylvain
14%
Forgelina 9G Acier Marteau Mastoc
14%
Colimucus de Hisui 8G Acier Mur Fumigène
14%
Krakos 8G Combat Octoprise
14%
Salarsen 8G Electrik Overdrive
14%
Filentrappe 9G Insecte Piège De Fil
14%
Terapagos 9G Normal Pluie Térastrale
14%
Sorcilence 8G Psy Poudre Magique
14%
Cresselia 8G Psy Prière Lunaire
14%
Concombaffe 7G Poison Purification
14%
Zygarde 7G Dragon Sanction Suprême
14%
Guérilande 7G Fée Soin Floral
14%
Gouroutan 7G Psy Sommation
14%
Roigada de Galar 8G Psy Sort Sinistre
14%
Cerfrousse 8G Psy Sprint Bouclier
14%
Polthégeist 8G Normal Thérémonie
14%
Triopikeau 9G Eau Triple Plongeon
14%
Limonde de Galar 8G Plante Troquenard
14%
Fulguris 8G Electrik Typhon Fulgurant
14%
Boréas 8G Vol Typhon Hivernal
14%
Amovénus 8G Fée Typhon Passionné
14%
Démétéros 8G Sol Typhon Pyrosable
14%
Hexadron 8G Combat Ultime Bastion
14%
Clamiral de Hisui 8G Ténèbres Vagues A Lames
14%
Smogogo de Galar 8G Fée Vapeur Féerique
14%
Scalpereur 9G Ténèbres Génusection
0%
Roigada 9G Glace Neigeux De Mots
0%
Famignol 9G Normal Prolifération
0%
Amassel 9G Roche Salaison
0%
Tauros 9G Normal Taurogne
0%
Floréclat 9G Poison Toupie Eclat
0%
Aucun quiz correspondant
Distribution des résultats
% des personnes avec chaque résultat
Percentile par nombre de réponses
Votre historique - résultats
Vous n’avez pas pris ce quiz depuis la dernière actualisation